LDR 00777naa#a2200169#i#450# 001 RU\\bibl\116695 005 20260413060434.1 011 ## _a2658-4026 100 ## _a20260330b2026####ek#y0rusy0150####ca 102 ## _aRU 200 1# _aАрхитектор когнитивно-эргономической школы России: к 70-летию Сергея Фёдоровича Сергеева _eЖурнальная статья 210 1# _aБрянск _cБрянский государственный технический университет _d2026 215 ## _a5 с. 608 ## _aЖурнальная статья _2local 675 ## _aЭргономика. 331.101.1 _aПсихология. 159.9 _z 700 #1 _aАндросов _gКирилл Юрьевич 856 4# _abstu.editorum.ru _u